00505nam a22001577a 450000500170000001000130001702000230003003500130005303700140006608200110008024500760009124600580016726000420022527000540026730000260032120200127163103.0 aB-210616 a8123013868c210.00 aB-210616 bBPPD/Pub. a843.08 aآجکل اور پریم چند /cمرتب - ابرار رحمانی aAjkal Aur Premchand (Urdu) /bedited by Ibrar Rehmani aDelhibPublications Divisionc2006 ء aSoochna Bhawan, C.G.O. ComplexbNew Delhie110003 a238p.c21cm(pbk)